MARC

LEADER 00000nam0a2200000 4500
001 73280
005 20231101212710.0
035 |a (RuTPU)RU\TPU\book\78185 
090 |a 73280 
100 |a 20050214d1984 m y0rusy50 ca 
101 0 |a rus 
102 |a RU 
105 |a a j 001zy 
200 1 |a Производство цветных металлов  |e учебное пособие для средних профессиональных заведений  |f Н. В. Гудима, Н. Н. Ракова, Г. П. Ермакова и др. 
205 |a 2-е изд., перераб. и доп. 
210 |a Москва  |c Металлургия  |d 1984 
215 |a 280 с.  |c ил. 
300 |a Авт. указ. на обороте тит. л. 
320 |a Библиогр.: с. 287. 
320 |a Предметный указатель: с. 278-280. 
606 1 |a Цветная металлургия  |2 stltpush  |3 (RuTPU)RU\TPU\subj\17753  |9 43323 
610 1 |a цветные металлы 
610 1 |a печи 
610 1 |a металлургические печи 
610 1 |a топливо 
610 1 |a сжигание 
610 1 |a медь 
610 1 |a никель 
610 1 |a свинец 
610 1 |a цинк 
610 1 |a олово 
610 1 |a алюминий 
610 1 |a магний 
610 1 |a вакуумная техника 
610 1 |a титан 
610 1 |a контроль 
610 1 |a качество 
610 1 |a учебные пособия 
675 |a 669.2(075.3)  |v 3 
701 1 |a Гудима  |b Н. В.  |g Николай Васильевич 
701 1 |a Ракова  |b Н. Н.  |g Наталья Николаевна 
701 1 |a Ермакова  |b Г. П.  |g Геннадий Петрович 
701 1 |a Волкогон  |b Г. М.  |g Григорий Михайлович 
701 1 |a Разловский  |b А. А.  |g Анатолий Александрович. 
801 1 |a RU  |b 63413507  |c 20050214  |g PSBO 
801 2 |a RU  |b 63413507  |c 20201105  |g PSBO 
942 |c BK